Music Quiz

Random Music or Bands Quiz

Artists in Album Titles (1960s) Quiz Stats

 Plays Quiz Updated Apr 14, 2015

Score 0/20 Timer 05:00
11 Plays Today
% Correct
With The Beatles
99.5%
The Electrifying Aretha Franklin
89.4%
The Freewheelin' Bob Dylan
85.1%
The Sound of Johnny Cash
84.2%
The Beach Boys' Christmas Album
78.9%
The Who Sell Out
76%
The Rolling Stones, Now!
66.9%
Moods of Marvin Gaye
59.5%
Meet The Supremes
46.1%
The Everly Brothers Sing Great Country Hits
45.8%
% Correct
Fresh Cream
42.5%
Jefferson Airplane Takes Off
41%
Songs of Leonard Cohen
34.6%
Ella Fitzgerald Sings the Johnny Mercer Song Book
34.2%
The Great Otis Redding Sings Soul Ballads
28.7%
Presenting the Fabulous Ronettes Featuring Veronica
26.8%
The John Coltrane Quartet Plays...
23.2%
The Kinks Are the Village Green Preservation Society
23.2%
Hums of The Lovin' Spoonful
13.4%
Hi... We're The Miracles
11.6%

You're not logged in!

Compare scores with friends on all Sporcle quizzes.
Join for Free
OR
Log In

You Might Also Like...

Show Comments

Extras

Top Quizzes Today


Score Distribution

Your Account Isn't Verified!

In order to create a playlist on Sporcle, you need to verify the email address you used during registration. Go to your Sporcle Settings to finish the process.

Report this User

Report this user for behavior that violates our Community Guidelines.

Details: